000 00379nam a2200133Ia 4500
008 100328s9999 xx 000 0 und d
082 _b68005
100 _aशेवडे शैलजा.
245 _aअग अग म्हशी.
260 _bउन्मेष.
630 _aअग अग म्हशी.
730 _aअग अग म्हशी.
942 _cBOOK
999 _c553744
_d553741